000
00170 a2200097 4500
041
_a
spa
100
_a
Flakoll, D.J
245
_a
Lobo de Mar
942
_c
BK
952
_7
4
999
_c
19187
_d
19187